| 000 | 00426nam a2200169Ia 4500 | ||
|---|---|---|---|
| 003 | LK-CoDNM | ||
| 008 | 010623t1942 xxu||||| |||| 00| 1 eng d | ||
| 040 |
_aLK-CoDNM _dLK-CoDNM _eLK-CoDNM |
||
| 041 | _aeng | ||
| 080 | _a902 BRO | ||
| 100 | _aBrown,Percy. | ||
| 245 | _aIndian Architecture(Islamic Period) | ||
| 260 |
_bTaraporevala _aBombay _c1942 |
||
| 300 | _b90pl,146p., 24 cm | ||
| 650 | _aArchitecture | ||
| 942 | _cBK | ||
| 999 |
_c100072 _d100072 |
||